Công nghệ xử lý nước thải

Bewaard in:
Bibliografische gegevens
Hoofdauteur: André Lamouche: Tạ Thành Liêm biên dịch
Formaat: Boek
Taal:Vietnamese
Gepubliceerd in: Xây dựng 2008
Onderwerpen:
Tags: Voeg label toe
Geen labels, Wees de eerste die dit record labelt!
Thư viện lưu trữ: Mạng thư viện Đại học Đà Nẵng
LEADER 01010nam a2200313 a 4500
001 000003180
003 03522
005 20171229145311.0
008 171229s2008 vie
040 |a LSK 
041 0 |a VIE 
082 0 |a 628.16  |b LA-A 
100 1 |a André Lamouche: Tạ Thành Liêm biên dịch 
245 0 0 |a Công nghệ xử lý nước thải 
260 |b Xây dựng  |c 2008 
300 |a 310 pages  |c 24 cm. 
653 |a Nước thải đô thị - Công nghệ xử lý 
852 |a Phòng Đọc 
901 |a 1 
927 |a Sách tham khảo 
OWN |a LSK 
AVA |a UDN50  |b LSK  |d 628.16 LA-A  |e available  |t Error 5001 Not defined in file expand_doc_bib_avail.  |f 1  |g 0  |h N  |i 0  |k 1 
999 |a From the UDN01 
AVA |a UDN50  |b LSK  |d 628.16 LA-A  |e available  |t Error 5001 Not defined in file expand_doc_bib_avail.  |f 1  |g 0  |h N  |i 0  |k 1 
TYP |a Monograph 
TYP |a Printed language 
980 |a Mạng thư viện Đại học Đà Nẵng